Llantos del exilio / (Record no. 195968)

MARC details
000 -LEADER
campo de control de longitud fija 01116nam a2200325 i 4500
001 - NÚMERO DE CONTROL
campo de control 195968
003 - IDENTIFICADOR DE NÚMERO DE CONTROL
campo de control ES-MaACL
005 - FECHA Y HORA DE LA ÚLTIMA TRANSACCIÓN
campo de control 20260307063017.0
008 - DATOS DE LONGITUD FIJA--INFORMACIÓN GENERAL
campo de control de longitud fija 240804s2001 sp a|||| |||| 00| 0 spa d
017 ## - NÚMERO DE COPYRIGHT O DE DEPÓSITO LEGAL
Número de copyright o de depósito legal M 31527-2001
020 ## - NÚMERO INTERNACIONAL ESTÁNDAR DEL LIBRO
Número Internacional Estándar del Libro 8485498984
040 ## - FUENTE DE CATALOGACIÓN
Centro/agencia transcriptor ES-MaACL
100 0# - ENTRADA PRINCIPAL--NOMBRE DE PERSONA
Nombre de persona Menassa, Miguel Óscar,
Fechas asociadas al nombre 1940-2024
Término indicativo de función/relación Autor
9 (RLIN) 80079
245 ## - MENCIÓN DEL TÍTULO
Título Llantos del exilio /
Mención de responsabilidad, etc. Miguel Oscar Menassa.
260 ## - PUBLICACIÓN, DISTRIBUCIÓN, ETC.
Lugar de publicación, distribución, etc. Madrid :
Nombre del editor, distribuidor, etc. Editorial Grupo Cero,
Fecha de publicación, distribución, etc. 2001.
300 ## - DESCRIPCIÓN FÍSICA
Extensión 75 pág. :
Dimensiones 30 cm.
336 ## - TIPO DE CONTENIDO
Fuente rdacontent
Término de tipo de contenido Texto
337 ## - TIPO DE MEDIO
Fuente rdamedia
Nombre/término del tipo de medio sin mediación
338 ## - TIPO DE SOPORTE
Fuente rdacarrier
Nombre/término del tipo de soporte volumen
490 1# - MENCIÓN DE SERIE
Mención de serie Poesía 2001
655 #7 - TERMINO DE INDIZACIÓN--GENERO/FORMA
Fuente del término tgfbne
9 (RLIN) 176539
Datos o término principal de género/forma Poesías
655 #7 - TERMINO DE INDIZACIÓN--GENERO/FORMA
Fuente del término tgfbne
Datos o término principal de género/forma Libros ilustrados
9 (RLIN) 193653
830 #0 - PUNTO DE ACCESO ADICIONAL DE SERIE-TÍTULO UNIFORME
Título uniforme Poesía 2001
9 (RLIN) 240026
852 ## - LOCALIZACIÓN
Ubicación ES-MaACL
Sublocalización o colección R.154489
Ubicación en estantería Depósito J
Número de control de estantería N-9100
Donativo/Legado Donación: Miguel Oscar Menassa
Encuadernación Encuadernación rústica
itemnumber 204999
903 ## - NOMBRE PERSONAL DE DONANTE
a Menassa, Miguel Óscar,
d 1940-2024
e Donante
9 80079
942 ## - ELEMENTOS DE ENTRADA SECUNDARIOS (KOHA)
Tipo de ítem Koha Libro impreso
Suprimir en OPAC No
Holdings
Estatus retirado Estado de pérdida Fuente del sistema de clasificación o colocación Estado de daño No para préstamo Biblioteca de origen Biblioteca actual Ubicación en estantería Fecha de adquisición Fuente de adquisición Total de préstamos Signatura topográfica completa Código de barras Visto por última vez Precio de reemplazo Tipo de ítem Koha
    Clasificación decimal universal     Biblioteca del Ateneo de Madrid Biblioteca del Ateneo de Madrid Depósito J 11/04/2025 Donación   N-9100 101229846 11/04/2025 11/04/2025 Libro impreso